[Event "TCh-Serbia"]
[Site "Zlatibor SCG"]
[Date "2006.08.28"]
[Round "3"]
[White "Georgiev,Ki"]
[Black "Ivanisevic,I"]
[Result "1-0"]
[WhiteElo "2685"]
[BlackElo "2596"]

1.d4 Nf6 2.c4 e6 3.Nf3 d5 4.Nc3 c6 5.Qb3 dxc4 6.Qxc4 b5 7.Qd3 Nbd7 8.e4 b4
9.Na4 Bb7 10.Bg5 Qa5 11.b3 c5 12.Bxf6 gxf6 13.Be2 O-O-O 14.O-O Kb8 15.d5 Bd6
16.dxe6 Nb6 17.Nxb6 Bxh2+ 18.Nxh2 Rxd3 19.Nc4 Qd8 20.e7 Qd4 21.Bxd3 Qxd3
22.Rad1 Qxe4 23.Rd8+ Kc7 24.f3 Qxe7 25.Rxh8 Bd5 26.Nd2 Qe5 27.Rf2 Qa1+ 28.Ndf1 c4
29.bxc4 Bxc4 30.Rc2 Qd4+ 31.Kh1 Kb7 32.Re8 f5 33.Re1 Be6 34.Nd2 Qd3 35.Rec1 a5
36.Nhf1 Kb6 37.Rc6+ Kb5 38.Nb3 Bxb3 39.axb3 Qxb3 40.R1c5+ Ka4 41.Ra6 Qd3
42.Rcxa5+ Kb3 43.Ng3 f4 44.Ne4 Qd8 45.Ra1 f5 46.Nf2 Qd4 47.Kg1 Kc4 48.Rb1  1-0

[Event "ch-U20 Panamerican"]
[Site "Bogota COL"]
[Date "2006.09.08"]
[Round "9"]
[White "Alvarez,Ja"]
[Black "Mateus,A"]
[Result "1-0"]
[WhiteElo "2034"]
[BlackElo "2042"]

1.d4 d5 2.c4 e6 3.Nc3 Nf6 4.Nf3 c6 5.Bf4 dxc4 6.a4 Bb4 7.e3 Nd5 8.Qc2 Nxf4
9.exf4 b5 10.axb5 cxb5 11.Be2 O-O 12.Ng5 f5 13.Bf3  1-0

[Event "TCh-ESP Final"]
[Site "Lugo ESP"]
[Date "2006.11.04"]
[Round "2"]
[White "Krasenkow,M"]
[Black "Vallejo Pons,F"]
[Result "0-1"]
[WhiteElo "2647"]
[BlackElo "2674"]

1.Nf3 d5 2.d4 Nf6 3.c4 c6 4.Nc3 e6 5.Qb3 Nbd7 6.Bg5 Qa5 7.cxd5 exd5 8.e3 Ne4
9.Bd3 Nxg5 10.Nxg5 Be7 11.Nf3 Nf6 12.O-O Bd6 13.e4 dxe4 14.Nxe4 Nxe4 15.Bxe4 O-O
16.Rfe1 Rb8 17.d5 Bg4 18.Nd4 cxd5 19.Bxd5 Bc5 20.Re4 Bh5 21.Qb5 Qxb5 22.Nxb5 a6
23.Nc3 Bg6 24.Re2 Rfd8 25.Rae1 Kf8 26.Bb3 Re8 27.Rxe8+ Rxe8 28.Rxe8+ Kxe8
29.Bd5 b6 30.Bb7 a5 31.Ne4 Bd4 32.b3 Kd7 33.a4 Kc7 34.Bd5 f5 35.Ng5 Bf6 36.Nh3 Kd6
37.Bg8 Be8 38.Nf4 g5 39.Nd3 b5 40.axb5 Bxb5 41.Ne1 Bc3 42.Nc2 Bd3 43.Na3 Kc5
44.Nc4  0-1

[Event "Venetian Autumn"]
[Site "Venice ITA"]
[Date "2006.11.05"]
[Round "4"]
[White "Lavric,M"]
[Black "Cereda,L"]
[Result "1-0"]
[WhiteElo "2012"]
[BlackElo "2056"]

1.d4 Nf6 2.c4 e6 3.Nc3 d5 4.Nf3 c6 5.Bf4 dxc4 6.a4 Nd5 7.Bd2 c5 8.e3 Nc6
9.Bxc4 cxd4 10.exd4 Bb4 11.O-O O-O 12.Bd3 Nf6 13.Bg5 h6 14.Bh4 Be7 15.Rc1 Nb4
16.Bb1 Nfd5 17.Bg3 b6 18.Re1 Bb7 19.Qe2 Ba6 20.Nb5 Bxb5 21.Qxb5 Rc8 22.Qe2 Bg5
23.Rxc8 Qxc8 24.Nxg5 hxg5 25.Qh5 Nf6 26.Qxg5 Rd8 27.Be5 Nbd5 28.h4 Qd7 29.h5 Ne8
30.Bxg7 Nxg7 31.h6 f6 32.Qg6 Nf4 33.Qh7+ Kf8 34.Qh8+ Ke7 35.Qxg7+ Kd6 36.Qxf6 Nd5
37.Qe5+ Ke7 38.Bf5 Nc7 39.h7  1-0

[Event "ch-ROM"]
[Site "Predeal ROM"]
[Date "2006.12.07"]
[Round "11"]
[White "Itkis,B"]
[Black "Manea,A"]
[Result "1/2-1/2"]
[WhiteElo "2447"]
[BlackElo "2376"]

1.d4 d5 2.c4 c6 3.Nf3 Nf6 4.Nc3 e6 5.Qb3 Nbd7 6.Bg5 h6 7.Bh4 Qb6 8.Qc2 Qa5
9.e3 dxc4 10.Bxc4 b5 11.Bb3 Be7 12.O-O Bb7 13.Ne4 c5 14.Nxc5 Nxc5 15.dxc5 Rc8
16.a4 b4 17.Rfc1 Rxc5 18.Qe2 O-O 19.Rxc5 Qxc5 20.Qb5 Qxb5 21.axb5 Rc8 22.Nd2 Bc5
23.Kf1 Ne4 24.Nxe4 Bxe4 25.Rd1 Rb8 26.Bc4 Bc2 27.Rd2 Ba4 28.Rd8+ Rxd8 29.Bxd8 Bc2
30.Ke2 Kf8 31.Kd2 Ke8 32.Ba5 Be4 33.f3 Bb7 34.e4 Kd7 35.Kc2 Bd6 36.h3 f5
37.Bd3 fxe4 38.Bxe4 Bxe4+ 39.fxe4 Bc5 40.Kb3 Ke8 41.Bxb4 Bb6 42.Kc4 Kf7 43.Bc5 Kg6
44.Kd4 Kf6 45.b4  1/2-1/2

[Event "IM Multicoms"]
[Site "Paris FRA"]
[Date "2006.12.17"]
[Round "5"]
[White "Inkiov,V"]
[Black "Goldsztejn,G"]
[Result "1/2-1/2"]
[WhiteElo "2523"]
[BlackElo "2303"]

1.d4 d5 2.c4 c6 3.Nf3 Nf6 4.Nc3 e6 5.Qb3 dxc4 6.Qxc4 b5 7.Qd3 Bb7 8.g3 a6
9.Bg2 Nbd7 10.Ng5 Be7 11.O-O Qb6 12.Rd1 Rd8 13.Bf4 Nf8 14.Nce4 Nxe4 15.Nxe4 Ng6
16.Be3 O-O 17.Qc2 Qc7 18.h4 f5 19.h5 f4 20.Bc1 fxg3 21.fxg3 Nh8 22.Ng5 Bxg5
23.Bxg5 Qxg3 24.Bxd8 Qf2+ 25.Kh1 Rf5 26.Qc5 Rxc5 27.dxc5 Qxc5 28.Bc7 Nf7
29.Bh2 Qe7 30.Rd3 c5 31.Rg1  1/2-1/2

[Event "Petrovskaya Ladya GM"]
[Site "Peterhof RUS"]
[Date "2007.01.05"]
[Round "4"]
[White "Itkis,B"]
[Black "Yevseev,D"]
[Result "1/2-1/2"]
[WhiteElo "2424"]
[BlackElo "2522"]

1.d4 d5 2.c4 c6 3.Nf3 Nf6 4.Nc3 e6 5.Qb3 dxc4 6.Qxc4 b5 7.Qd3 Bb7 8.g3 Nbd7
9.Bg2 a6 10.O-O c5 11.dxc5 Bxc5 12.Be3  1/2-1/2

[Event "Corus C"]
[Site "Wijk aan Zee NED"]
[Date "2007.01.13"]
[Round "1"]
[White "Krasenkow,M"]
[Black "Nepomniachtchi,I"]
[Result "0-1"]
[WhiteElo "2651"]
[BlackElo "2587"]

1.Nf3 d5 2.d4 Nf6 3.c4 c6 4.Nc3 e6 5.Qb3 dxc4 6.Qxc4 b5 7.Qd3 Bb7 8.e4 b4
9.Na4 Nbd7 10.Be3 Be7 11.Nd2 O-O 12.f3 Qa5 13.Qc2 Rac8 14.Nc5 Nxc5 15.dxc5 b3
16.Qxb3 Bxc5 17.Bxc5 Qxc5 18.Qc3 Qg5 19.Nc4 Ba6 20.Qe3 Qh5 21.Be2 Bxc4 22.Bxc4 Qa5+
23.Kf2 Qe5 24.b3 Rcd8 25.g3 Rd4 26.Be2 Rfd8 27.Rac1 g5 28.Rxc6 g4 29.Qf4 Qxf4
30.gxf4 gxf3 31.Kxf3 Nxe4 32.Rhc1 Kg7 33.Ke3 Nd2 34.Rg1+ Kf6 35.Rg4 Re4+
36.Kf2 Nxb3 37.Rc4 Rxc4 38.Bxc4 Na5 39.Be2 Rd2 40.Rh4 Rxa2 41.Rxh7 Nc4 42.f5 exf5
43.h4 f4 44.Kf1 Ne5  0-1

[Event "ch-CUB Open"]
[Site "Santa Clara CUB"]
[Date "2007.01.16"]
[Round "7"]
[White "Borges Mateos,J"]
[Black "Fernandez,Alex"]
[Result "1-0"]
[WhiteElo "2473"]
[BlackElo "2372"]

1.Nf3 d5 2.d4 Nf6 3.c4 c6 4.Nc3 e6 5.Qb3 dxc4 6.Qxc4 b5 7.Qb3 Nbd7 8.Bg5 Be7
9.g3 Bb7 10.Bg2 O-O 11.O-O a6 12.Rfd1 c5 13.dxc5 Qc7 14.Bf4 Qxc5 15.Rac1 Rac8
16.Ne5 Bxg2 17.Nxd7 Nxd7 18.Kxg2 Qc6+ 19.f3 Nc5 20.Qc2 Qb7 21.Ne4 Na4 22.Qb1 Nb6
23.Nd6 Bxd6 24.Bxd6 Rfe8 25.Bc5 Nc4 26.Bf2 b4 27.b3 Na3 28.Qd3 Nb5 29.Rxc8 Qxc8
30.Be1 Qc5 31.Qd8 Rf8 32.Bf2 Qc2 33.Rd2 Qc1 34.Rd1 Qc2 35.Rd2 Qc6 36.Qe7 h6
37.Qxb4 Qc1 38.Rd7 Qc6 39.Qd2 e5 40.Qd5 Qxd5 41.Rxd5 f6 42.a4 Nc3 43.Rd2 Rb8
44.Be1 e4 45.b4 exf3+ 46.Kxf3 Nxa4 47.Ra2 Nb6 48.Rxa6 Nd5 49.Ra4 Re8 50.Ra5 Nb6
51.b5 Nc4 52.Ra4 Ne5+ 53.Kg2 Rb8 54.Rb4 Kf7 55.Bc3 Nd7 56.Kf3 Ke6 57.Bd4 Rb7
58.h4 h5 59.b6 Kd5 60.e4+ Kd6 61.Kf4 Ke7 62.Rb2 Nb8 63.Ra2 Nc6 64.Ra7 g5+
65.Ke3 Nd8 66.Kd3 Ke6 67.Kc4 Rb8 68.Kb5 gxh4 69.gxh4 f5 70.exf5+ Kxf5 71.Re7 Ne6
72.Bf2 Kf6 73.Rxe6+ Kxe6 74.Bg3 Rg8 75.Bf4 Kf5 76.Bg5 Rb8 77.Kc6 Rc8+ 78.Kd7 Rc3
79.Be7 Rb3 80.Kc6 Kg4 81.b7 Rb1 82.Bg5 Rb3 83.Be7 Rb1 84.Bf6 Rb4 85.Bd8 Rc4+
86.Kb5 Rc1 87.Ba5  1-0

[Event "Bundesliga 2006-7"]
[Site "Tegernsee GER"]
[Date "2007.02.25"]
[Round "11"]
[White "Kalinitschew,S"]
[Black "Acs,P"]
[Result "0-1"]
[WhiteElo "2471"]
[BlackElo "2522"]

1.d4 d5 2.c4 c6 3.Nf3 Nf6 4.Nc3 e6 5.Qb3 dxc4 6.Qxc4 b5 7.Qd3 Bb7 8.Bg5 Nbd7
9.e4 b4 10.Na4 Qa5 11.b3 c5 12.Bxf6 gxf6 13.d5 O-O-O 14.Rd1 exd5 15.exd5 Re8+
16.Kd2 Nb6 17.Qb5 Qxb5 18.Bxb5 Rd8 19.Nxb6+ axb6 20.Kc2 Bxd5 21.Rhe1 Be6
22.Rxd8+ Kxd8 23.Nd2 Bd6 24.g3 Be5 25.Nc4 Bd4 26.Re2 Kc7 27.Ne3 Ra8 28.Kb1 Rd8
29.Kc2 h6 30.Bd3 Ra8 31.Kb1 Rd8 32.Kc2 Bxe3 33.Rxe3 Kd6 34.Re4 Bf5 35.Rh4 Bxd3+
36.Kxd3 Ke6+ 37.Kc2 Ra8 38.Kb2 Kf5 39.Rf4+ Ke5 40.Rh4 Rd8 41.Kc2 Rh8 42.f3 f5
43.Kd3 b5 44.Rh5 Rd8+ 45.Ke3 c4 46.f4+ Ke6 47.Rxh6+ f6 48.Rh7 c3 49.Rc7 Kd6
50.Rf7 Rc8  0-1

[Event "60th ch-RUS sf Urals"]
[Site "Nizhnij Tagil RUS"]
[Date "2007.03.17"]
[Round "4"]
[White "Ovetchkin,R"]
[Black "Efanov,N"]
[Result "1-0"]
[WhiteElo "2534"]
[BlackElo "2312"]

1.Nf3 d5 2.c4 c6 3.d4 Nf6 4.Qb3 e6 5.Nc3 Nbd7 6.Bf4 Be7 7.e3 Nh5 8.Be5 Nxe5
9.dxe5 g6 10.Be2 Qb6 11.Qc2 Ng7 12.O-O f5 13.exf6 Bxf6 14.e4 Qa5 15.exd5 exd5
16.cxd5 Bxc3 17.bxc3 cxd5 18.c4 Be6 19.Rab1 Qc7 20.Qa4+ Qc6 21.Qa3 dxc4 22.Nd4 Qd7
23.Nxe6 Nxe6 24.Bxc4 Kf7  1-0

[Event "Bundesliga 2006-7"]
[Site "Muelheim GER"]
[Date "2007.04.01"]
[Round "15"]
[White "Muse,D"]
[Black "Fridman,D2"]
[Result "0-1"]
[WhiteElo "2407"]
[BlackElo "2626"]

1.Nf3 d5 2.c4 e6 3.d4 Nf6 4.Nc3 c6 5.Qb3 dxc4 6.Qxc4 b5 7.Qb3 Nbd7 8.e4 b4
9.Na4 Nxe4 10.Bd3 Nef6 11.O-O Bd6 12.Bg5 Qa5 13.Rfe1 O-O 14.Rac1 Bb7 15.Ne5 Rfe8
16.Bxf6 Nxf6 17.Nc5 Bxc5 18.Rxc5 Qb6 19.Nc4 Qd8 20.Rd1 a5 21.a3 Nd5 22.Be4 g6
23.Ne5 Qd6 24.Bxd5 exd5 25.axb4 axb4 26.Qxb4 Re7 27.Qc3 Re6 28.h3 f6 29.Nd3 Re2
30.Ra5 Rae8 31.Qa3 Qc7 32.Ra7 Qb6 33.Ra4 Bc8 34.Rb4 Qc7 35.Ra4 Bf5 36.Ra8 Rxa8
37.Qxa8+ Kg7 38.Nc5 Rxb2 39.Qa3 Re2 40.Qf3 Re7 41.Ra1 Qb8 42.g4 Qb2 43.Rd1 Bc2
44.g5 fxg5 45.Qg3 Bxd1 46.Qd6 Re1+ 47.Kg2 Qxd4  0-1

[Event "19th Kreuz Open"]
[Site "Lenk SUI"]
[Date "2007.04.06"]
[Round "3"]
[White "Miralles,G"]
[Black "Kappeler,K"]
[Result "1-0"]
[WhiteElo "2486"]
[BlackElo "2161"]

1.d4 d5 2.c4 c6 3.Nc3 Nf6 4.Qb3 e6 5.Nf3 Nbd7 6.e3 Be7 7.Bd3 O-O 8.O-O Qc7
9.h3 a6 10.Bd2 dxc4 11.Bxc4 Nb6 12.Bd3 c5 13.dxc5 Qxc5 14.e4 Nbd7 15.Be3 Qa5
16.Qc2 Ne5 17.Nxe5 Qxe5 18.f4 Qh5 19.e5 Ne8 20.Na4 Bd7 21.Nb6 Rd8 22.Nxd7 Rxd7
23.Rad1 Rc7 24.Qf2 f6 25.Bb6 Rc8 26.Be2 Qf7 27.Bf3 fxe5 28.fxe5 Qg6 29.Qd4 Rb8
30.Be4 Rxf1+ 31.Rxf1 Qg5 32.Qd7  1-0

[Event "8th ch-Euro"]
[Site "Dresden GER"]
[Date "2007.04.09"]
[Round "7"]
[White "Gurevich,M"]
[Black "Pert,N"]
[Result "1-0"]
[WhiteElo "2635"]
[BlackElo "2525"]

1.d4 d5 2.c4 c6 3.Nf3 Nf6 4.Qb3 e6 5.Nc3 Nbd7 6.Bg5 Be7 7.e3 O-O 8.Bd3 b6
9.cxd5 exd5 10.O-O Bb7 11.Rfd1 Re8 12.Rac1 Nh5 13.Bxe7 Qxe7 14.Nxd5 cxd5
15.Rc7 Rab8 16.Ne5 Bc8 17.Qa4 Qd8 18.Nxd7 Qxc7 19.Nxb8 Re6 20.Na6 Bxa6 21.Bxa6 Nf6
22.h3 Rc6 23.Bd3 h5 24.Qb4 g6 25.Qe1 Kg7 26.a3 Qc8 27.f3 Re6 28.Qf2 Qe8 29.Re1 h4
30.e4 dxe4 31.fxe4 Nxe4 32.Qxh4 Nf6 33.Rxe6 Qxe6 34.Qf4 Qb3 35.Qd2 Qe6 36.Be2 Ne4
37.Qf4 f5 38.Bf3 Qb3 39.Bxe4 fxe4 40.Qxe4 Qxb2 41.Qe7+ Kh6 42.Qh4+ Kg7 43.Qe7+ Kg8
44.Qd6 Kf7 45.Kh2 Qd2 46.Qc7+ Ke6 47.Qe5+ Kd7 48.Qg7+ Kc8 49.Qxg6 Qxd4 50.Qe8+ Kc7
51.Qe7+ Kc6 52.h4 Qf4+ 53.g3 Qf2+ 54.Kh3 Qf5+ 55.Kg2 Qc2+ 56.Kf3 Qd1+ 57.Kf4 Qc1+
58.Kf5 Qc2+ 59.Kf6 Qd1 60.Qe8+ Kc5 61.Qe5+ Kc6 62.h5 Qg4 63.Kf7 Qf3+ 64.Qf6+  1-0

[Event "XX Open"]
[Site "Benidorm ESP"]
[Date "2007.04.26"]
[Round "5"]
[White "Gagunashvili,M"]
[Black "Saric,A"]
[Result "1-0"]
[WhiteElo "2625"]
[BlackElo "2496"]

1.d4 d5 2.Nf3 Nf6 3.c4 c6 4.Nc3 e6 5.Qb3 Nbd7 6.Bg5 h6 7.Bh4 Be7 8.e3 O-O
9.Bd3 b6 10.O-O Bb7 11.Rfd1 c5 12.Bxf6 Nxf6 13.dxc5 Bxc5 14.cxd5 exd5 15.Be4 Nxe4
16.Nxe4 Qe7 17.Nc3 Rfd8 18.Nxd5 Qe6 19.Nc7 Qxb3 20.axb3 Rac8 21.Nb5 a6 22.Nbd4 Rd7
23.Ne2 Rdc7 24.Nfd4 g6 25.Nc3 Bf8 26.Kf1 b5 27.Nce2 Bg7 28.Rd3 Be5 29.Rc3 Kf8
30.Rac1 Ke7 31.f3 Bd6 32.e4 h5 33.g3 Kd7 34.Rxc7+ Rxc7 35.Rxc7+ Kxc7 36.Kf2 Bc5
37.Ke3 Bf8 38.Kd3 Kd6 39.b4 Ke5 40.Nc2 f5 41.f4+ Kf6 42.e5+ Kf7 43.Nc3 h4
44.gxh4 Be7 45.h5 gxh5 46.Ne3 Ke6 47.Ne2 Bxb4 48.Nd4+ Kf7 49.Nexf5 Bc8 50.Ng3 h4
51.Ne4 Kg6 52.e6 Bb7 53.f5+ Kg7 54.f6+ Kg6 55.e7 Kf7 56.Ng5+ Ke8 57.Nf5  1-0

[Event "XX Open"]
[Site "Benidorm ESP"]
[Date "2007.04.29"]
[Round "8"]
[White "Gagunashvili,M"]
[Black "Lopez Martinez,J"]
[Result "1/2-1/2"]
[WhiteElo "2625"]
[BlackElo "2563"]

1.d4 d5 2.c4 c6 3.Nf3 Nf6 4.Nc3 e6 5.Qb3 Nbd7 6.Bg5 Be7 7.e3 O-O 8.Bd3 dxc4
9.Bxc4 c5 10.O-O a6 11.a4 cxd4 12.Nxd4 Qa5 13.Bh4 Qb4 14.Rfd1 Qxb3 15.Bxb3 Nc5
16.f4 Rd8 17.Bc2 Kf8 18.e4 Ng4 19.Bf2 Nxf2 20.Kxf2 Nd7 21.e5 Nb6 22.Kf3 Bd7
23.Be4 Rab8 24.g4 h6 25.b3 Be8 26.f5 Nd7 27.fxe6 Nxe5+ 28.Kg3 Nc6 29.exf7 Bxf7
30.Nde2 Bf6 31.Kg2 Rxd1 32.Rxd1 Bxb3 33.Rf1 Bf7 34.Nd5 Re8 35.Nxf6 gxf6 36.Ng3 Re6
37.Rb1 Re7 38.Rf1 Re6 39.Rb1 Re7 40.Rf1 Re6 41.Rb1 Re7 42.Bxc6 bxc6 43.Rb6 Ke8  1/2-1/2

[Event "16th TCh-CRO"]
[Site "Sibenik CRO"]
[Date "2007.05.21"]
[Round "5"]
[White "Dobrovic,A"]
[Black "Matas,Z"]
[Result "1/2-1/2"]
[WhiteElo "2083"]
[BlackElo "1985"]

1.d4 c6 2.c4 d5 3.Nc3 Nf6 4.Nf3 e6 5.Bf4 Bd6 6.Bg3 Bb4 7.Nd2 O-O 8.a3 Bxc3
9.bxc3 Nbd7 10.e3 Re8 11.cxd5 exd5 12.Bd3 Ne4 13.Bxe4 dxe4 14.Qc2 f5 15.O-O Nf6
16.Bh4 h6 17.Bxf6 Qxf6 18.Nc4 b5 19.Ne5 Rxe5 20.dxe5 Qxe5 21.Rfd1 Be6 22.Qd2 a5
23.Qd4 Qxd4 24.cxd4 Bd5 25.Kf1 Kf7 26.Ke1 g5 27.g3 Ke6 28.Kd2 Rb8 29.h3 h5
30.Rg1 Kd6  1/2-1/2

[Event "42nd Capablanca Mem Abierto"]
[Site "Havana CUB"]
[Date "2007.05.26"]
[Round "8"]
[White "Borges Mateos,J"]
[Black "Baron Rodriguez,Je"]
[Result "1/2-1/2"]
[WhiteElo "2482"]
[BlackElo "2431"]

1.d4 d5 2.c4 e6 3.Nc3 c6 4.Nf3 Nf6 5.Qb3 dxc4 6.Qxc4 b5 7.Qb3 Nbd7 8.Bg5 Be7
9.g3 b4 10.Bxf6 gxf6 11.Ne4 f5 12.Ned2  1/2-1/2

[Event "National Open"]
[Site "Las Vegas USA"]
[Date "2007.06.08"]
[Round "1"]
[White "Sinanan,J"]
[Black "Pruess,D"]
[Result "0-1"]
[WhiteElo "2138"]
[BlackElo "2408"]

1.Nf3 d5 2.d4 Nf6 3.c4 e6 4.Nc3 c6 5.Qb3 dxc4 6.Qxc4 b5 7.Qb3 a6 8.Bg5 Nbd7
9.e3 Be7 10.Be2 c5 11.O-O Bb7 12.Rad1 c4 13.Qc2 Rc8 14.a3 h6 15.Bh4 O-O 16.e4 g5
17.Bg3 Nh5 18.e5 Nxg3 19.hxg3 Qb6 20.Nh2 Rfd8 21.Rd2 Nf8 22.Rfd1 Rd7 23.Bf3 Rcd8
24.Bxb7 Qxb7 25.Ng4 h5 26.Ne3 Ng6 27.Ne4 Kg7 28.f3 Qb6 29.Qc3 Nxe5 30.d5 f6
31.Kh2 b4 32.axb4 Bxb4 33.Qd4 Qxd4 34.Rxd4 a5 35.dxe6 Rxd4 36.Rxd4 Rxd4 37.Nf5+ Kg6
38.Nxd4 f5 39.e7 Bxe7 40.Nc3 Bc5 41.Nc2 Kf6 42.Na4 Bf2 43.Nc3 Ke6 44.Nd1 Bc5
45.Nc3 Nd3 46.Na4 Kd5 47.Nc3+ Ke5 48.Na4 Bd4 49.Na3 Kd5 50.Nc3+ Kc5  0-1

[Event "III EUICC"]
[Site "Arvier ITA"]
[Date "2007.06.21"]
[Round "7"]
[White "Sedlak,N"]
[Black "Godena,M"]
[Result "1/2-1/2"]
[WhiteElo "2575"]
[BlackElo "2558"]

1.d4 d5 2.c4 e6 3.Nf3 Nf6 4.Nc3 c6 5.Qb3 dxc4 6.Qxc4 b5 7.Qd3 Nbd7 8.a3 b4
9.axb4 Bxb4 10.e4 c5 11.e5 Nd5 12.Bd2 Bb7 13.Be2 Qb6 14.O-O cxd4 15.Ne4 O-O
16.Neg5 g6 17.Bc1 Be7 18.Rd1 Nb4 19.Qxd4 Qxd4 20.Rxd4 Bd5 21.Rd1 Rfd8 22.h4 h6
23.Nh3 Bxf3 24.Bxf3 Nxe5 25.Rxd8+ Rxd8 26.Bxh6 Bxh4 27.Rxa7 Nbd3 28.Rb7 Nxf3+  1/2-1/2

[Event "35th World Open"]
[Site "King of Prussia USA"]
[Date "2007.06.30"]
[Round "1"]
[White "Gagunashvili,M"]
[Black "Kleiman,J"]
[Result "1-0"]
[WhiteElo "2625"]
[BlackElo "2312"]

1.d4 d5 2.c4 c6 3.Nf3 Nf6 4.Nc3 e6 5.Qb3 Nbd7 6.Bg5 Qa5 7.cxd5 exd5 8.e3 Bd6
9.Bd3 O-O 10.Qc2 Re8 11.O-O h6 12.Bh4 Qd8 13.Rab1 a5 14.a3 Qe7 15.Rfe1 g5
16.Bg3 Bxg3 17.hxg3 Ne4 18.Bxe4 dxe4 19.Nd2 Nf6 20.b4 h5 21.b5 h4 22.gxh4 gxh4
23.bxc6 bxc6 24.Ne2 Qxa3 25.Qxc6 Ra6 26.Qb5 Qf8 27.Nf4 h3 28.Rec1 Ra8 29.Rc5 Bd7
30.Rg5+ Kh8 31.Qb6 Qh6 32.Rh5  1-0

[Event "Open A"]
[Site "Klatovy CZE"]
[Date "2007.07.05"]
[Round "6"]
[White "Jurek,J"]
[Black "Vedral,O"]
[Result "1/2-1/2"]
[WhiteElo "2381"]
[BlackElo "2262"]

1.Nf3 d5 2.c4 c6 3.d4 Nf6 4.Qb3 e6 5.Nc3 Bd6 6.Bg5 Nbd7 7.e4 dxe4 8.Nxe4 Be7
9.Nc3 O-O 10.Rd1 Re8 11.Be2 c5 12.O-O cxd4 13.Nxd4 a6 14.Qc2 Qc7 15.Bh4 Nb6
16.Bg3 e5 17.Nf5 Bf8 18.b3 Be6 19.Bf3 Nbd7 20.Rfe1 Bb4 21.Ne3 Qa5 22.Rc1 e4  1/2-1/2

[Event "Kaupthing Open"]
[Site "Differdange LUX"]
[Date "2007.07.07"]
[Round "1"]
[White "Goriachnik,D"]
[Black "Boyarchenko,A"]
[Result "1-0"]
[WhiteElo "2301"]
[BlackElo "1952"]

1.d4 d5 2.c4 c6 3.Nc3 Nf6 4.Nf3 e6 5.Qb3 dxc4 6.Qxc4 Nbd7 7.e4 Be7 8.Be2 O-O
9.O-O c5 10.dxc5 Nxc5 11.Rd1 Qc7 12.b4 Na6 13.a3 b6 14.Bg5 Re8 15.Qxc7 Nxc7
16.Bf4 Na6 17.Bb5 Bb7 18.Bxe8 Rxe8 19.Nd2 h6 20.f3 Nb8 21.Nb5 Nc6 22.Nd6 Bxd6
23.Bxd6 a5 24.Nc4  1-0

[Event "Kaupthing Open"]
[Site "Differdange LUX"]
[Date "2007.07.14"]
[Round "9"]
[White "Goriachnik,D"]
[Black "Gretarsson,Hj"]
[Result "1-0"]
[WhiteElo "2301"]
[BlackElo "2168"]

1.d4 d5 2.c4 c6 3.Nc3 Nf6 4.Nf3 e6 5.Qb3 dxc4 6.Qxc4 b5 7.Qd3 Nbd7 8.e4 b4
9.Na4 Be7 10.Qc2 Bb7 11.Bd3 h6 12.h3 Qa5 13.Nd2 O-O 14.Nc4 Qc7 15.Be3 Rfd8
16.Nd2 e5 17.Nb3 exd4 18.Bxd4 c5 19.Rc1 Rac8 20.O-O Qc6 21.Naxc5 Nxc5 22.Bxc5 Bxc5
23.Nxc5 Qxc5 24.Qxc5 Rxc5 25.Rxc5 Rxd3 26.f3 Ba6 27.Ra5 Bc4 28.b3 Be6 29.Rxa7 Kf8
30.Rb7 Rd4 31.Rf2 Nd7 32.Rc2 Ke7 33.Kf2 f5 34.Ke3 Rd1 35.Rxb4 fxe4 36.Rxe4 Re1+
37.Re2 Rxe2+ 38.Kxe2 Nf6 39.Ra4 Nd5 40.Kd3 Bd7 41.Ra8 Nf4+ 42.Ke3 Nxg2+ 43.Kf2 Nh4
44.Ra7 Nf5 45.b4 Kd8 46.a4 Ne7 47.Kg2 Nc8 48.Ra6 Be8 49.a5 Kd7 50.Kg3 Bf7
51.Kf4 Kc7 52.b5 Kb7 53.Rc6 Be8 54.a6+ Kb8 55.Rc5 Nb6 56.Ke4 Nd7 57.Rc1 Nb6
58.Kd4 Bd7 59.Kc5 Nc8 60.h4 g6 61.b6 g5 62.hxg5 hxg5 63.Ra1  1-0

[Event "22nd North Sea Cup"]
[Site "Esbjerg DEN"]
[Date "2007.07.17"]
[Round "7"]
[White "Ovsejevitsch,S"]
[Black "Rasmussen,Kar"]
[Result "1/2-1/2"]
[WhiteElo "2568"]
[BlackElo "2461"]

1.d4 d5 2.c4 c6 3.Nf3 Nf6 4.Nc3 e6 5.Qb3 dxc4 6.Qxc4 b5 7.Qd3 Nbd7 8.a3 b4
9.axb4 Bxb4 10.e4 c5 11.e5 Nd5 12.Bd2 Bb7 13.Be2 h6 14.O-O O-O 15.Nxd5 Bxd2
16.Qxd2  1/2-1/2

[Event "ch-Montenegro"]
[Site "Cetinje MNE"]
[Date "2007.07.18"]
[Round "7"]
[White "Nikcevic,N"]
[Black "Blagojevic,Dr"]
[Result "0-1"]
[WhiteElo "2456"]
[BlackElo "2502"]

1.d4 d5 2.c4 e6 3.Nf3 Nf6 4.Nc3 c6 5.Qb3 dxc4 6.Qxc4 b5 7.Qd3 Bb7 8.Bg5 Nbd7
9.a3 b4 10.axb4 Bxb4 11.e3 h6 12.Bxf6 Nxf6 13.Be2 O-O 14.O-O c5 15.dxc5 Qxd3
16.Bxd3 Bxc5 17.Ba6 Rfb8 18.Rfc1 Bf8 19.Rc2 Nd7 20.Bxb7 Rxb7 21.Na4 Nf6 22.Kf1 Nd5
23.Ke2 Be7 24.Ne5 Nb4 25.Rc4 Rb5 26.Nd3 Nxd3 27.Kxd3 Rd8+ 28.Ke2 Bf6 29.Rc2 Rdb8
30.Kd1 Ra5 31.Rc4 Rxb2  0-1

[Event "29th Politiken Cup"]
[Site "Copenhagen DEN"]
[Date "2007.07.25"]
[Round "6"]
[White "Hansen,An"]
[Black "Molvig,H"]
[Result "1-0"]
[WhiteElo "2053"]
[BlackElo "2215"]

1.d4 d5 2.Nf3 Nf6 3.c4 c6 4.Qb3 e6 5.Nc3 Be7 6.Bg5 Nbd7 7.e3 O-O 8.Bd3 dxc4
9.Bxc4 Nd5 10.Bxe7 Qxe7 11.O-O Nxc3 12.Qxc3 b6 13.e4 Bb7 14.Rfe1 Rac8 15.Rad1 Rfe8
16.b4 c5 17.bxc5 e5 18.Bb5 bxc5 19.d5 f6 20.d6 Qd8 21.Nh4 g6 22.Qb3+ Kg7
23.Qa4 Qb6 24.Bxd7 Bc6 25.Bxc6 Rxc6 26.Rb1 Qa6 27.Qxa6 Rxa6 28.Rb7+ Kh6 29.Rd1 Rxa2
30.Rc7 Rd8 31.h3 Ra4 32.Nf3 c4 33.d7 c3 34.Rxc3  1-0

[Event "GM"]
[Site "Paks HUN"]
[Date "2007.08.10"]
[Round "6"]
[White "Sachdev,T"]
[Black "Szabo,Krisz1"]
[Result "0-1"]
[WhiteElo "2393"]
[BlackElo "2482"]

1.d4 Nf6 2.c4 e6 3.Nf3 d5 4.Nc3 c6 5.Qb3 dxc4 6.Qxc4 b5 7.Qd3 Nbd7 8.e4 b4
9.Na4 Bb7 10.Be3 Qa5 11.b3 Be7 12.Nd2 O-O 13.f3 Rfd8 14.Qc2 Rac8 15.Rc1 Qc7
16.Be2 Nb6 17.Nc5 Nfd7 18.O-O Nxc5 19.dxc5 Nd7 20.Rfd1 h6 21.f4 e5 22.f5 a5
23.Nf3 Ra8 24.g4 a4 25.bxa4 Ra5 26.Bc4 Ba6 27.Bb3 Bxc5 28.Bxc5 Rxc5 29.Bxf7+ Kh8
30.Qf2 Rxc1 31.Rxc1 Nf6 32.Bd5 Nxd5 33.exd5 Rxd5 34.Re1 c5 35.g5 c4 36.f6 c3
37.Nh4 Rd2 38.Rxe5 Qxe5 39.Ng6+ Kh7 40.Nxe5 Rxf2 41.Kxf2 gxf6  0-1

[Event "16th Monarch Assurance"]
[Site "Port Erin IOM"]
[Date "2007.09.29"]
[Round "8"]
[White "Krasenkow,M"]
[Black "Georgiev,Vl"]
[Result "1/2-1/2"]
[WhiteElo "2660"]
[BlackElo "2567"]

1.d4 d5 2.Nf3 Nf6 3.c4 c6 4.Nc3 e6 5.Qb3 Nbd7 6.g3 b6 7.Bg2 Ba6 8.cxd5 cxd5
9.Nb5 Bxb5 10.Qxb5 Bd6 11.O-O O-O 12.Bd2 Ne4 13.Rfc1 Nxd2 14.Nxd2 Rc8 15.Nb3 Nf6
16.Qa6 Qd7 17.e3 h5 18.h4 g6 19.Bf1 e5 20.dxe5 Bxe5 21.Nd4 Ne4 22.Bg2 Rc5
23.b4 Rxc1+ 24.Rxc1 Bxd4 25.exd4 Qe7 26.Qd3 Qxb4 27.Bxe4 dxe4 28.Qxe4 Rd8
29.Rc7 a5 30.Rb7 Qxd4 31.Qxd4 Rxd4 32.Rxb6 Rd2 33.a4 Rd4 34.Ra6 Rxa4 35.Kg2 Ra3
36.Kf1 Kf8 37.Ra7 Kg7 38.Ra6 a4 39.Ke2 Ra1 40.Ke3 a3 41.Kf4 Ra2 42.Kf3 Ra1
43.Kf4 Kh6 44.Ra7 a2  1/2-1/2

[Event "WJun Girls"]
[Site "Yerevan ARM"]
[Date "2007.10.04"]
[Round "2"]
[White "Mnatsakanyan,D"]
[Black "Rudolf,An"]
[Result "0-1"]
[WhiteElo "1970"]
[BlackElo "2273"]

1.d4 Nf6 2.c4 e6 3.Nf3 d5 4.Nc3 c6 5.Bf4 dxc4 6.e4 b5 7.Qc2 Bb7 8.Be2 Be7
9.O-O O-O 10.a3 Nbd7 11.Rfd1 a6 12.Bf1 Re8 13.g3 c5 14.Bg2 b4 15.axb4 cxb4
16.e5 Nd5 17.Ne4 Rc8 18.Nfg5 Nf8 19.Qe2 h6 20.Nh3 Qd7 21.g4 c3 22.bxc3 Nxc3
23.Nxc3 Rxc3 24.g5 Bxg2 25.Kxg2 Qd5+ 26.f3 Ng6 27.Bg3 hxg5 28.Nf2 a5 29.Qe4 Rd8
30.Rd2 b3 31.Nd1 Qxe4 32.fxe4 Rc2 33.Rxc2 bxc2 34.Ne3 Rxd4 35.Kf3 Rd3 36.Ke2 Rc3
37.Rc1 Nf4+ 38.Kf3 Bc5 39.Bf2 Nd3  0-1

[Event "WJun"]
[Site "Yerevan ARM"]
[Date "2007.10.05"]
[Round "3"]
[White "Jojua,D"]
[Black "Ragger,M"]
[Result "1/2-1/2"]
[WhiteElo "2434"]
[BlackElo "2528"]

1.d4 Nf6 2.c4 e6 3.Nf3 d5 4.Nc3 c6 5.Qb3 dxc4 6.Qxc4 b5 7.Qd3 Nbd7 8.e4 b4
9.Na4 Qa5 10.b3 c5 11.e5 Nd5 12.Bd2 Bb7 13.Rc1 cxd4 14.Nxd4 Be7 15.Qb5 Qxb5
16.Bxb5 a6 17.Bc6 Bxc6 18.Nxc6 f6  1/2-1/2

[Event "WJun"]
[Site "Yerevan ARM"]
[Date "2007.10.08"]
[Round "6"]
[White "Nigalidze,G"]
[Black "Kulakov,V"]
[Result "0-1"]
[WhiteElo "2440"]
[BlackElo "2261"]

1.d4 d5 2.c4 e6 3.Nf3 Nf6 4.Nc3 c6 5.Bf4 Nbd7 6.c5 Be7 7.b4 Nh5 8.e3 Nxf4
9.exf4 Qc7 10.g3 O-O 11.Bd3 f6 12.Qc2 h6 13.O-O e5 14.Bh7+ Kh8 15.Nh4 f5
16.Nxf5 Nf6 17.Bg6 exf4 18.Qe2 Ne4 19.Nxe4 Bxf5 20.Bxf5 Rxf5 21.Nd2 Raf8
22.Rae1 fxg3 23.hxg3 Bd8 24.Qd3 Qf7 25.Re2 Bc7 26.f4 g5 27.Rfe1 gxf4 28.Re7 Qh5
29.Rxc7 fxg3 30.Nf3 g2 31.Nh2 Qh4 32.Qe3 Rh5 33.Nf3 Qg3 34.Rh7+ Kxh7 35.Qe7+ Kg8
36.Qe6+ Kh8  0-1

[Event "WJun"]
[Site "Yerevan ARM"]
[Date "2007.10.16"]
[Round "13"]
[White "Sanikidze,T"]
[Black "Hovhannisyan,R"]
[Result "1/2-1/2"]
[WhiteElo "2474"]
[BlackElo "2273"]

1.d4 d5 2.Nf3 Nf6 3.c4 c6 4.Nc3 e6 5.Qb3 Nbd7 6.Bg5 Be7 7.e3 O-O 8.Bd3 dxc4
9.Qxc4 Nd5 10.Bxe7 Qxe7 11.O-O Nxc3 12.Qxc3 Re8 13.Rac1 e5 14.e4 exd4 15.Nxd4 Nf6
16.Bb1 c5 17.Qxc5 Qxc5 18.Rxc5 b6 19.Rcc1 Nxe4 20.Rfe1 Bb7 21.Nb5 Nf6 22.f3 Rxe1+
23.Rxe1 Bc6 24.Nd4 Bd7 25.Rc1 Kf8 26.Kf2 Rc8 27.Rxc8+ Bxc8 28.Ke3 Bd7 29.Kf4 g6
30.Ke5 Ke7 31.g4 Ne8 32.g5 f6+ 33.gxf6+ Nxf6 34.b4 Be8 35.b5 Nd7+ 36.Kf4 Nc5
37.Kg5 Ne6+ 38.Nxe6 Kxe6 39.Kh6 Bxb5 40.Kxh7 Kf6 41.Bxg6 Bc4 42.Bb1 b5 43.a3 a5
44.Kh6 Bf7 45.Bc2  1/2-1/2